Un hombre entre dos mujeres : (Record no. 130046)

MARC details
000 -LEADER
campo de control de longitud fija 00516nam a2200181 i 4500
001 - NÚMERO DE CONTROL
campo de control 130046
003 - IDENTIFICADOR DE NÚMERO DE CONTROL
campo de control ES-MaACL
005 - FECHA Y HORA DE LA ÚLTIMA TRANSACCIÓN
campo de control 20230906193629.0
007 - CAMPO FIJO DE DESCRIPCIÓN FÍSICA--INFORMACIÓN GENERAL
campo de control de longitud fija t|
008 - DATOS DE LONGITUD FIJA--INFORMACIÓN GENERAL
campo de control de longitud fija 070717s1966 sp ||||1| spa d
080 ## - NÚMERO DE LA CLASIFICACIÓN DECIMAL UNIVERSAL
Número de la Clasificación Decimal Universal 821.134.2-31"19"
100 1# - ENTRADA PRINCIPAL--NOMBRE DE PERSONA
Nombre de persona Zunzunegui, Juan Antonio de.
9 (RLIN) 118511
245 13 - MENCIÓN DEL TÍTULO
Título Un hombre entre dos mujeres :
Resto del título novela de carácter /
Mención de responsabilidad, etc. Juan Antonio de Zunzunegui.
250 ## - MENCION DE EDICION
Mención de edición 1ª ed.
260 ## - PUBLICACIÓN, DISTRIBUCIÓN, ETC.
Lugar de publicación, distribución, etc. Madrid :
Nombre del editor, distribuidor, etc. Noguera,
Fecha de publicación, distribución, etc. 1966.
300 ## - DESCRIPCIÓN FÍSICA
Extensión 762 p. ;
Dimensiones 20 cm.
852 4# - LOCALIZACIÓN
Ubicación ES-MaACL
Número de control de estantería C-29642
Holdings
Estatus retirado Estado de pérdida Estado de daño No para préstamo Biblioteca de origen Biblioteca actual Ubicación en estantería Fecha de adquisición Fuente de adquisición Total de préstamos Signatura topográfica completa Código de barras Visto por última vez Precio de reemplazo Tipo de ítem Koha
        Biblioteca del Ateneo de Madrid Biblioteca del Ateneo de Madrid Depósito 2 17/01/2008     C-29642 1135410 23/02/2023 23/02/2023 Libro impreso